<?xml version="1.0" encoding="UTF-8"?>
<marc:record xmlns:marc="http://www.loc.gov/MARC21/slim">
   <marc:leader>00000nam a2200000 a 4500</marc:leader>
   <marc:datafield ind1="1" ind2=" " tag="100">
      <marc:subfield code="a">Whaley, John Corey</marc:subfield>
      <marc:subfield code="4">aut</marc:subfield>
      <marc:subfield code="e">Verfasser/-in</marc:subfield>
   </marc:datafield>
   <marc:datafield ind1="1" ind2=" " tag="100">
      <marc:subfield code="a">Jandl, Andreas</marc:subfield>
      <marc:subfield code="4">trl</marc:subfield>
      <marc:subfield code="e">Übersetzer/-in</marc:subfield>
   </marc:datafield>
   <marc:datafield ind1="0" ind2="0" tag="245">
      <marc:subfield code="a">Hochgradig unlogisches Verhalten</marc:subfield>
   </marc:datafield>
   <marc:datafield ind1="0" ind2="0" tag="245">
      <marc:subfield code="c">John Corey Whaley. Aus dem Engl. von Andreas Jandl</marc:subfield>
   </marc:datafield>
   <marc:datafield ind1=" " ind2="1" tag="264">
      <marc:subfield code="a">München</marc:subfield>
      <marc:subfield code="b">Carl Hanser</marc:subfield>
      <marc:subfield code="c">2017</marc:subfield>
   </marc:datafield>
   <marc:datafield ind1="1" ind2=" " tag="520">
      <marc:subfield code="a">Quelle: bn.bibliotheksnachrichten (http://www.biblio.at/literatur/bn/index.html); #Autor: Sophie Preßl, 15 Jahre; #Charmanter Roman voller Lebensfreude über einen isoliert lebenden Jugendlichen, den ein aufgewecktes Mädchen von seiner Angststörung heilen möchte. (DR)#Solomon Reed leidet unter einer Angststörung, die eigentlich keiner so genau zu definieren weiß. Zum letzten Mal war er vor drei Jahren in der Schule, vor kurzem hatte er seinen 16. Geburtstag. Im Großen und Ganzen fühlt er sich in seiner Isolation wohl und geht seiner Leidenschaft - der Science Fiction-Serie "Star Trek" - nach. Doch offenbar hat er die Rechnung ohne Lisa Praytor gemacht. Das aufgeweckte Mädchen aus seiner Schule ist versessen darauf, ihn zu heilen. Ihr Hintergedanke ist allerdings, seinen Heilungsweg in Form einer Diplomarbeit der Öffentlichkeit zu präsentieren, um ein Stipendium an einer Universität zu bekommen. Lisas Ziel ist es nämlich, eine angesehene Psychologin zu werden. So versucht sie, sich Solomon Reed zu nähern, indem sie sich mit ihm anfreundet und sein Vertrauen gewinnt.#Beim Lesen dieses Romans erwärmte sich mein Herz, da der Autor durch seine Schreibweise eine ganze Menge Lebensfreude versprüht. So war es eine Freude für mich, dieses Buch in die Hand zu nehmen und in die erfrischend andere Welt der Protagonisten abzutauchen. Um dieses Gefühl anderen LeserInnen zu ermöglichen, ist es meine wärmste Empfehlung, dieses Buch schnell einzustellen! Es ist ein charmanter und gefühlvoller Roman für jedes Alter und jeden Geschmack.</marc:subfield>
   </marc:datafield>
   <marc:datafield ind1=" " ind2=" " tag="020">
      <marc:subfield code="a">9783446257054</marc:subfield>
      <marc:subfield code="9">9783446257054</marc:subfield>
   </marc:datafield>
   <marc:datafield ind1=" " ind2=" " tag="041">
      <marc:subfield code="a">ger</marc:subfield>
   </marc:datafield>
   <marc:datafield ind1=" " ind2=" " tag="300">
      <marc:subfield code="a">233 S.</marc:subfield>
   </marc:datafield>
</marc:record>
